000 00719nam a2200289Ia 4500
005 20260324120701.0
008 008 260324s9999 xx 000 0 eng d
020 _a9781315764894
037 _aEBOOK
040 _aCRL
040 _beng
040 _cCRL
041 _2eng
041 _aeng
084 _qCRL
100 _aMark Sedgwick
_91159555
245 0 _aMaking European Muslims
245 0 _bReligious Socialization Among Young Muslims in Scandinavia and Western Europe
260 _bTaylor and Francis
260 _c2014
365 _a
365 _b255
856 _uhttp://www.taylorfrancis.com/books/9781315764894
942 _cEBOOK
999 _c1751218
_d1751218